12. A Tu Merced - Bad Bunny - Estadísticas

Estadísticas generales
  • Esta prueba ha sido intentada 36 veces
  • La puntuación promedio es 343 de 422
Estadísticas de respuestas
% Correcto
tu
100%
y
100%
a
97%
babie
97%
cel
97%
de
97%
el
97%
en
97%
es
97%
esta
97%
estas
97%
estoy
97%
me
97%
merced
97%
pensando
97%
que
97%
si
97%
te
97%
tengo
97%
ti
97%
yo
97%
explotandome
93%
hacer
93%
mojada
93%
pa
93%
par
93%
se
93%
un
93%
va
93%
dime
90%
sed
90%
siempre
90%
ey
86%
vamo
86%
eh
79%
pero
79%
la
76%
mi
76%
no
76%
eres
72%
fan
72%
to
72%
lo
69%
yeh
69%
cansada
66%
del
66%
digan
66%
mismo
66%
por
66%
romanticismo
66%
cama
62%
cuatro
62%
estudio
62%
examen
62%
julio
62%
buenas
59%
estan
59%
estos
59%
g
59%
las
59%
llamas
59%
los
59%
manana
59%
mejor
59%
pelito
59%
perreo
59%
rubio
59%
sabes
59%
sismo
59%
como
55%
con
55%
culo
55%
darte
55%
ellas
55%
ese
55%
haber
55%
mami
55%
porque
55%
quiero
55%
alcohol
52%
cabeza
52%
cabrone
52%
digas
52%
hago
52%
lamborghi
52%
miami
52%
moviendo
52%
na
52%
pieza
52%
punto
52%
ritmo
52%
sales
52%
somos
52%
balada
48%
booty
48%
diez
48%
empieza
48%
karol
48%
quieres
48%
amiga
45%
bendiga
45%
concedeme
45%
dios
45%
jalarte
45%
nueva
45%
picheo
45%
anuel
41%
busco
41%
entrada
41%
liga
41%
puesto
41%
una
41%
detras
38%
pitcher
38%
tas
38%
pasto
34%
picheale
34%
grande
31%
traje
31%
les
28%
chulo
21%
tan
21%
hold
17%
chambol
14%
eeh
3%
No se encontraron pruebas coincidentes
Distribución de puntuación
Porcentaje de gente con cada puntuación
Porcentaje por número respondido
Historial de tus puntuaciones
No has intentado esta prueba.